000 00293nam a2200121Ia 4500
008 220120s9999||||xx |||||||||||||| ||und||
020 _a9780192719652
082 _a629.8 NAG
100 _aNagrath, I.J
_9708
245 0 _aControl systems engineering
260 _bNew York
300 _a90p.
_b0
999 _c136438
_d136438